[Event "Basque-ch 2019"]
[Site "Getxo"]
[Date "2019.04.26"]
[Round "5.4"]
[White "Trigo Urquijo, Sergio"]
[Black "Argandona Riveiro, Inigo"]
[Result "0-1"]
[WhiteElo "2383"]
[BlackElo "2411"]
[Annotator "TA"]
[PlyCount "68"]
[EventDate "2019.04.22"]
[EventType "swiss"]
[EventCountry "ESP"]
[SourceTitle "playchess.com"]
[Source "ChessBase"]
[SourceQuality "1"]

{[%evp 18,68,60,64,71,68,89,47,70,80,113,105,113,-83,77,93,281,0,0,0,0,-76,-84,-77,-85,-70,-73,-255,-267,-431,-432,-432,-429,-612,-608,-600,-611,-609,-616,-563,-572,-533,-409,-395,-161,-326,-318,-303,-258,-912,-902,-856,-820]} 1. e4 c5 2. Nf3 g6 3. d4 cxd4 4. Nxd4 Bg7 5. c4 Nc6 6. Be3 Nf6 7. Nc3 O-O 8. Be2 b6 9. f3 Bb7 10. Qd2 Ne5 $146 {B38: Sicilian: Maroczy Bind with 5...Bg7 and 7...0-0} ({Predecessor:} 10... Qb8 11. O-O Rd8 12. f4 d6 13. Ndb5 Rd7 14. Rad1 Qf8 15. g4 Rdd8 16. g5 Nd7 17. f5 Be5 18. Nd5 Rac8 19. fxg6 hxg6 20. Rf3 Bh8 21. Rh3 Nde5 22. Qe1 {1-0 (22) Bogdanovich,S (2581)-Kislinsky,A (2489) Kiev 2015}) 11. b3 e6 12. O-O-O d5 {[%cal Rd5e4] White is slightly better.} 13. f4 $1 {[%cal Rf4e5]} Neg4 14. e5 $1 Nxe3 15. exf6 $2 {[#]} (15. Qxe3 $16 {is necessary to keep the advantage.} Ne8 16. cxd5) 15... Bh6 $2 (15... Nxc4 $1 $17 {[%mdl 512] and life is bright.} 16. Bxc4 (16. bxc4 Qxf6 17. cxd5 Rfd8 $17) 16... Bh6) 16. Qxe3 $16 {Qe5 is the strong threat.} e5 $2 (16... Qxf6 $16 17. Kc2 dxc4) 17. Rhf1 $2 ({Weaker is} 17. Qxe5 Re8 $14) (17. Nxd5 $18 exd4 18. Ne7+ (18. Rxd4 Bxd5 19. Rxd5 Qxf6 $11) 18... Kh8 19. Rxd4) 17... Qxf6 $11 18. Nc2 (18. Nxd5 $2 Bxd5 19. cxd5 exd4 $19) 18... d4 $36 {[%mdl 2048] White is under pressure.} 19. Nxd4 (19. Qh3 $1 $11 Bxf4+ 20. Kb1 dxc3 21. g3) 19... exd4 $17 20. Qxd4 Qe7 {And now ...Bg7 would win.} 21. Bf3 Rad8 22. Bd5 $2 (22. Qf2 $17 {might work better.}) 22... Bg7 $19 23. Qd2 $2 (23. Qe4 Qa3+ 24. Kc2) 23... Bxd5 24. Nxd5 {[#]} Rxd5 $1 {[%mdl 512]} 25. Qxd5 (25. cxd5 $142 Rc8+ 26. Kb1) 25... Qa3+ {[%mdl 64] Double Attack} 26. Kd2 {[#]} Re8 $1 27. Rc1 {intending Qd7.} Qxa2+ 28. Rc2 Qxb3 29. Qd3 Qb4+ 30. Kc1 {[#]} Qa5 (30... b5 $142 $1 {[%mdl 512] aiming for ...Bf6.} 31. c5 (31. cxb5 Bf6) 31... Qa5) 31. g3 $2 (31. Re2 Rc8 32. Kd1) 31... Bf6 32. Rd1 Kg7 33. Qd6 $2 (33. Rb2) 33... h5 34. Qd3 Rd8 {Accuracy: White = 35%, Black = 40%.} 0-1

[Event "Basque-ch 2019"]
[Site "Getxo"]
[Date "2019.04.26"]
[Round "5.6"]
[White "Munoz Avila, Jose Luis"]
[Black "Segura Del Frago, Imanol"]
[Result "1-0"]
[WhiteElo "2146"]
[BlackElo "2028"]
[Annotator "RC"]
[PlyCount "93"]
[EventDate "2019.04.22"]
[EventType "swiss"]
[EventCountry "ESP"]
[SourceTitle "playchess.com"]
[Source "ChessBase"]
[SourceQuality "1"]
[TimeControl "5400+30"]

1. Nf3 {[%emt 1:30:30]} Nf6 {[%emt 1:30:30]} 2. d4 {[%emt 0:00:30]} d5 {[%emt 0:00:30]} 3. c4 {[%emt 0:00:30]} e6 {[%emt 0:00:30]} 4. g3 {[%emt 0:00:30]} Be7 {[%emt 0:00:30]} 5. Bg2 {[%emt 0:00:30]} O-O {[%emt 0:00:30]} 6. O-O {[%emt 0:00:30]} dxc4 {[%emt 0:00:30]} 7. Qa4 {[%emt 0:00:30]} a6 {[%emt 0:00:30]} 8. Qxc4 {[%emt 0:00:30]} b5 {[%emt 0:00:30]} 9. Qc2 {[%emt 0:00:30]} Bb7 {[%emt 0:00:30]} 10. Bd2 {[%emt 0:00:30]} Be4 {[%emt 0:00:30]} 11. Qc1 {[%emt 0:00:30]} Nbd7 {[%emt 0:00:30]} 12. Ba5 {[%emt 0:00:30]} Rc8 {[%emt 0:00:30]} 13. Nbd2 {[%emt 0:00:30]} Ba8 {[%emt 0:00:30]} 14. Qc2 {[%emt 0:00:30]} Qe8 {[%emt 0:00:30]} 15. b4 {[%emt 0:00:30]} Bd6 {[%emt 0:00:30]} 16. Rac1 {[%emt 0:00:30]} e5 {[%emt 0:00:30]} 17. dxe5 {[%emt 0:00:30]} Nxe5 {[%emt 0:00:30]} 18. Nxe5 {[%emt 0:00:30]} Bxg2 {[%emt 0:00:30]} 19. Kxg2 {[%emt 0:00:30]} Qxe5 {[%emt 0:00:30]} 20. Nb3 {[%emt 0:00:30]} Rfe8 {[%emt 0:00:30]} 21. Rfd1 {[%emt 0:00:30]} Qh5 {[%emt 0:00:30]} 22. Rxd6 {[%emt 0:00:30]} Rxe2 {[%emt 0:00:30]} 23. Rd2 {[%emt 0:00:30]} Rce8 {[%emt 0:00:30]} 24. Rxe2 {[%emt 0:00:30]} Rxe2 {[%emt 0:00:30]} 25. Qc5 {[%emt 0:00:30]} Nd5 {[%emt 0:00:30]} 26. Rd1 {[%emt 0:00:30]} Rxf2+ {[%emt 0:00:30]} 27. Qxf2 {[%emt 0:00:30]} Qxd1 {[%emt 0:00:30]} 28. Nc5 {[%emt 0:00:30]} h5 {[%emt 0:00:30]} 29. Nxa6 {[%emt 0:00:30]} Nf6 {[%emt 0:00:30]} 30. h3 {[%emt 0:00:30]} Ne4 {[%emt 0:00:30]} 31. Qe3 {[%emt 0:00:30]} Nd2 {[%emt 0:00:30]} 32. Qe8+ {[%emt 0:00:30]} Kh7 {[%emt 0:00:30]} 33. Qxf7 {[%emt 0:00:30]} Qe2+ {[%emt 0:00:30]} 34. Qf2 {[%emt 0:00:30]} Qe4+ {[%emt 0:00:30]} 35. Kg1 {[%emt 0:00:30]} Nf3+ {[%emt 0:00:30]} 36. Kf1 {[%emt 0:00:30]} Nd4 {[%emt 0:00:30]} 37. Qg2 {[%emt 0:00:30]} Qb1+ {[%emt 0:00:30]} 38. Kf2 {[%emt 0:00:30]} Qxa2+ {[%emt 0:00:30]} 39. Kg1 {[%emt 0:00:30]} Qb1+ {[%emt 0:00:30]} 40. Qf1 {[%emt 0:00:30]} Qe4 {[%emt 0:00:30]} 41. Bxc7 {[%emt 0:00:30]} Nf3+ {[%emt 0:00:30]} 42. Kf2 {[%emt 0:00:30]} Nd2 {[%emt 0:00:30]} 43. Qxb5 {[%emt 0:00:30]} Qf3+ {[%emt 0:00:30]} 44. Ke1 {[%emt 0:00:30]} Ne4 {[%emt 0:00:30]} 45. Qe2 {[%emt 0:00:30]} Qh1+ {[%emt 0:00:30]} 46. Qf1 {[%emt 0:00:30]} Nxg3 {[%emt 0:00:30]} 47. Qxh1 {[%emt 0:00:30]} 1-0

[Event "Basque-ch 2019"]
[Site "Getxo"]
[Date "2019.04.27"]
[Round "6.1"]
[White "Huerga Leache, Mikel"]
[Black "Del Rio De Angelis, Salvador G."]
[Result "1/2-1/2"]
[WhiteElo "2448"]
[BlackElo "2457"]
[Annotator "TA"]
[PlyCount "170"]
[EventDate "2019.04.22"]
[EventType "swiss"]
[EventCountry "ESP"]
[SourceTitle "playchess.com"]
[Source "ChessBase"]
[SourceQuality "1"]

{[%evp 15,170,9,23,22,30,12,18,13,23,12,10,0,0,0,0,0,0,0,0,-12,0,0,0,0,8,11,11,11,11,0,11,12,11,10,22,18,20,15,14,12,13,12,13,2,2,2,6,3,6,2,15,8,18,15,15,14,20,14,13,12,18,15,17,12,17,16,17,17,18,13,15,12,17,17,26,25,25,24,57,58,72,23,81,80,90,101,104,40,41,41,39,32,34,22,24,12,16,0,8,0,2,0,0,0,0,0,0,0,10,16,70,43,51,58,53,62,52,35,106,28,35,35,35,35,85,85,85,77,96,96,96,85,85,85,96,96,96,96,96,96,91,45,45,20,24,12,12,8,14,15,86,0,8,0,0,0,0]} 1. e4 e6 2. d4 d5 3. Nc3 Be7 4. Bd3 c5 5. exd5 exd5 6. dxc5 Nf6 7. Nf3 O-O 8. O-O Bxc5 9. h3 {C01: French: Exchange Variation} (9. Bg5 Be6 10. Ne2 h6 11. Bh4 Nc6 12. Nf4 Bg4 13. Bxf6 Qxf6 14. Nxd5 Qxb2 15. Rb1 Qxa2 16. Rxb7 Nd4 {½-½ (59) Amonatov,F (2614)-Demidov,M (2520) St Petersburg 2018}) 9... Nc6 10. Bg5 Be6 11. Qd2 Re8 12. Qf4 $146 ({Predecessor:} 12. a3 h6 13. Bh4 Be7 14. Rad1 a6 15. Rfe1 Qc7 {1-0 (40) Dzhumaev,I-Saltaev,M (2470) Tashkent 1993}) 12... Be7 13. Qd2 h6 14. Be3 Bb4 ({Much worse is} 14... d4 $6 {[#]} 15. Nxd4 $1 {[%mdl 512]} Nxd4 16. Bxd4 $16) 15. a3 Ne4 16. Bxe4 Bxc3 17. Bh7+ Kxh7 18. Qxc3 Qd7 19. Rad1 Rac8 20. Qd3+ Kg8 21. c3 Rcd8 22. Qd2 Bf5 23. Nd4 Nxd4 24. Bxd4 b5 25. Rfe1 a6 26. Qf4 Bg6 27. Re5 f6 28. Rxe8+ Rxe8 29. Qg3 Kh7 30. Be3 Re4 31. Qb8 Qc6 32. Qa7 Re8 33. Rd2 Kg8 34. Qd4 Bf7 35. Qg4 Qe6 36. Qd1 Qc6 37. Rd3 Qe6 38. Rd4 Qf5 39. Rf4 Qe5 40. Qd3 Rc8 41. Rg4 Kh8 42. Bd4 Qd6 43. Qd2 $40 {[%mdl 128] White mounts an attack.} Re8 44. Be3 Qe5 45. a4 h5 46. Rb4 bxa4 47. Rxa4 Ra8 48. Qd3 Qe6 (48... Rb8 $11 {keeps the balance.}) 49. Ra5 $16 Qe4 50. Qxe4 dxe4 {[%mdl 4096] Endgame KRB-KRB} 51. Bd4 (51. b4 $16) 51... Kh7 $14 52. b4 Be8 53. Rc5 Kg6 54. Kf1 Bd7 55. Ke2 Rc8 56. Rd5 Bb5+ 57. Ke3 h4 58. Bc5 Bf1 59. Rd1 Bd3 60. f3 f5 61. Bd4 Kf7 62. Kf4 g6 ({Better is} 62... Kg6 $11) 63. Rd2 Ke6 64. Kg5 Kd5 65. Kxh4 Kc4 66. Kg3 g5 (66... Re8 $14) 67. Kf2 ({White should try} 67. f4 $16) 67... exf3 68. Kxf3 Be4+ 69. Kf2 g4 70. hxg4 fxg4 71. Kg3 Bf5 72. Ra2 Rc6 73. Kf4 Bc8 74. Ra5 Rc7 75. Rg5 Kd3 76. Rg6 Re7 77. Rc6 Bb7 78. Rd6 {[#] Bf6+ is the strong threat.} Re4+ $1 79. Kg5 g3 $1 80. Be5+ Kc4 81. Bxg3 Kxc3 82. Rb6 Bc8 (82... Bd5 $11 {remains equal.}) 83. Bf4 (83. Rc6+ $16 Rc4 84. Be1+ Kb3 85. Rxc4 Kxc4 86. g4) 83... Kb3 $11 {The position is equal.} 84. b5 {Hoping for Rb8.} Rb4 85. Rb8 Rxb5+ {Accuracy: White = 50%, Black = 63%.} 1/2-1/2

[Event "Basque-ch 2019"]
[Site "Getxo"]
[Date "2019.04.27"]
[Round "6.2"]
[White "Barbazan Bilbao, Xabier"]
[Black "Narciso Dublan, Marc"]
[Result "0-1"]
[WhiteElo "2094"]
[BlackElo "2491"]
[Annotator "TA"]
[PlyCount "64"]
[EventDate "2019.04.22"]
[EventType "swiss"]
[EventCountry "ESP"]
[SourceTitle "playchess.com"]
[Source "ChessBase"]
[SourceQuality "1"]

{[%evp 31,64,5,9,10,7,1,1,0,0,0,23,27,34,0,6,14,14,0,0,0,0,-10,-6,-68,-67,-64,-47,-66,-63,-119,-110,-337,-331,-29993,-29994]} 1. e4 c6 2. d4 d5 3. Nc3 dxe4 4. Nxe4 Bf5 5. Ng3 Bg6 6. h4 h6 7. Nf3 Nd7 8. h5 Bh7 9. Bd3 Bxd3 10. Qxd3 e6 11. Bd2 Ngf6 12. O-O-O Be7 13. Ne4 Nxe4 14. Qxe4 Nf6 15. Qe2 Qd5 16. c4 Qe4 17. Qxe4 {B19: Classical Caro-Kann: 4...Bf5 main line} Nxe4 18. Be3 f5 19. Nd2 {The position is equal.} Nf6 20. Nf3 Bd6 {[#]} 21. Ne5 $146 O-O 22. Ng6 Rfe8 23. f3 b5 24. b3 bxc4 25. bxc4 Rab8 26. c5 Bc7 27. Bf4 (27. Kc2 $11) 27... Bxf4+ $15 28. Nxf4 e5 $1 {[%cal Re5f4]} 29. Ng6 exd4 30. Rxd4 ({Better is} 30. Rde1 $15) 30... Nd5 $17 31. Ra4 $2 (31. Rf1 $17 {was called for.}) 31... Nc3 $19 {( -> ...Re2!)} 32. Rxa7 $2 {[#]} (32. Rhh4 $19 Re2 33. Rab4 Nxa2+ 34. Kd1) 32... Re2 $1 {[%csl LRa2,LRg2][%mdl 576] Double Attack. Accuracy: White = 17%, Black = 90%.} 0-1

[Event "Basque-ch 2019"]
[Site "Getxo"]
[Date "2019.04.27"]
[Round "6.3"]
[White "Argandona Riveiro, Inigo"]
[Black "Munoz Avila, Jose Luis"]
[Result "1-0"]
[WhiteElo "2411"]
[BlackElo "2146"]
[Annotator "RC"]
[PlyCount "109"]
[EventDate "2019.04.22"]
[EventType "swiss"]
[EventCountry "ESP"]
[SourceTitle "playchess.com"]
[Source "ChessBase"]
[SourceQuality "1"]
[TimeControl "5400+30"]

1. e4 {[%emt 1:30:30]} d5 {[%emt 1:30:30]} 2. exd5 {[%emt 0:00:30]} Nf6 {[%emt 0:00:30]} 3. d4 {[%emt 0:00:30]} Nxd5 4. c4 {[%emt 0:00:30]} Nb6 {[%emt 0:01:00]} 5. Nc3 {[%emt 0:00:30]} e5 {[%emt 0:00:30]} 6. dxe5 {[%emt 0:00:30]} Qxd1+ {[%emt 0:00:30]} 7. Nxd1 {[%emt 0:00:30]} Bb4+ {[%emt 0:00:30]} 8. Bd2 {[%emt 0:00:30]} Bxd2+ {[%emt 0:00:30]} 9. Kxd2 {[%emt 0:00:30]} Nc6 {[%emt 0:00:30]} 10. Nc3 {[%emt 0:00:30]} Be6 {[%emt 0:00:30]} 11. Nf3 {[%emt 0:00:30]} Nxc4+ {[%emt 0:00:30]} 12. Bxc4 {[%emt 0:00:30]} Bxc4 {[%emt 0:00:30]} 13. Rad1 {[%emt 0:00:30]} O-O-O+ {[%emt 0:00:30]} 14. Ke3 {[%emt 0:00:30]} Rde8 {[%emt 0:00:30]} 15. Kf4 {[%emt 0:00:30]} f6 {[%emt 0:00:30]} 16. exf6 {[%emt 0:00:30]} Rhf8 {[%emt 0:00:30]} 17. h3 {[%emt 0:00:30]} Rxf6+ {[%emt 0:00:30]} 18. Kg3 {[%emt 0:00:30]} Rg6+ {[%emt 0:00:30]} 19. Kh2 {[%emt 0:00:30]} Ne5 {[%emt 0:00:30]} 20. Nxe5 {[%emt 0:00:30]} Rxe5 {[%emt 0:00:30]} 21. Rd4 {[%emt 0:00:30]} Be6 {[%emt 0:00:30]} 22. Rhd1 {[%emt 0:00:30]} b6 {[%emt 0:00:30]} 23. R1d3 {[%emt 0:00:30]} Ra5 {[%emt 0:00:30]} 24. a4 {[%emt 0:00:30]} Rf6 {[%emt 0:00:30]} 25. b4 {[%emt 0:00:30]} Raf5 {[%emt 0:00:30]} 26. Ne4 {[%emt 0:00:30]} Rf7 {[%emt 0:00:30]} 27. Rd8+ {[%emt 0:00:30]} Kb7 {[%emt 0:00:30]} 28. Rh8 {[%emt 0:00:30]} Bd7 {[%emt 0:00:30]} 29. b5 {[%emt 0:00:30]} Re5 {[%emt 0:00:30]} 30. f3 {[%emt 0:00:30]} h6 {[%emt 0:00:30]} 31. Rd4 {[%emt 0:00:30]} a6 {[%emt 0:00:30]} 32. f4 {[%emt 0:00:30]} Ree7 {[%emt 0:00:30]} 33. Nc3 {[%emt 0:00:30]} axb5 {[%emt 0:00:30]} 34. axb5 {[%emt 0:00:30]} Re3 {[%emt 0:00:30]} 35. Rc4 {[%emt 0:00:30]} Re8 {[%emt 0:00:30]} 36. Rxe8 {[%emt 0:00:30]} Bxe8 37. Re4 {[%emt 0:00:30]} Bd7 {[%emt 0:01:00]} 38. Kg3 {[%emt 0:00:30]} Kc8 {[%emt 0:00:30]} 39. Re5 {[%emt 0:00:30]} Kd8 {[%emt 0:00:30]} 40. h4 {[%emt 0:00:30]} Re7 {[%emt 0:00:30]} 41. Kf2 {[%emt 0:00:30]} c6 {[%emt 0:00:30]} 42. bxc6 {[%emt 0:00:30]} Bxc6 {[%emt 0:00:30]} 43. g3 {[%emt 0:00:30]} Kd7 {[%emt 0:00:30]} 44. Ke3 Kd6 {[%emt 0:00:30]} 45. Kd4 {[%emt 0:01:00]} Re6 {[%emt 0:00:30]} 46. Nd1 {[%emt 0:00:30]} Rg6 {[%emt 0:00:30]} 47. Ne3 {[%emt 0:00:30]} Bd7 {[%emt 0:00:30]} 48. Nc4+ {[%emt 0:00:30]} Kc7 {[%emt 0:00:30]} 49. Re7 {[%emt 0:00:30]} Rxg3 {[%emt 0:00:30]} 50. Ne5 {[%emt 0:00:30]} Rh3 {[%emt 0:00:30]} 51. Rxd7+ {[%emt 0:00:30]} Kc8 {[%emt 0:00:30]} 52. Rxg7 {[%emt 0:00:30]} Rxh4 {[%emt 0:00:30]} 53. Rf7 {[%emt 0:00:30]} Rh1 {[%emt 0:00:30]} 54. Kd5 {[%emt 0:00:30]} Rc1 {[%emt 0:00:30]} 55. f5 {[%emt 0:00:30]} 1-0

[Event "Basque-ch 2019"]
[Site "Getxo"]
[Date "2019.04.27"]
[Round "6.5"]
[White "Sadusea, Johnny Fernando"]
[Black "Basto Auzmendi, Mario"]
[Result "1-0"]
[WhiteElo "2150"]
[BlackElo "1981"]
[Annotator "NA"]
[PlyCount "69"]
[EventDate "2019.04.22"]
[EventType "swiss"]
[EventCountry "ESP"]
[SourceTitle "playchess.com"]
[Source "ChessBase"]
[SourceQuality "1"]
[TimeControl "5400+30"]

1. e4 {[%emt 1:30:30]} d5 {[%emt 1:30:30]} 2. exd5 {[%emt 0:00:30]} Nf6 {[%emt 0:00:30]} 3. Nf3 {[%emt 0:00:30]} Qxd5 {[%emt 0:00:30]} 4. Nc3 {[%emt 0:00:30]} Qh5 {[%emt 0:00:30]} 5. h3 {[%emt 0:00:30]} e5 {[%emt 0:00:30]} 6. Be2 {[%emt 0:00:30]} e4 {[%emt 0:00:30]} 7. Nd4 {[%emt 0:00:30]} Qe5 {[%emt 0:00:30]} 8. Nb3 {[%emt 0:00:30]} Nc6 {[%emt 0:00:30]} 9. Bb5 {[%emt 0:00:30]} Bd6 {[%emt 0:00:30]} 10. Bxc6+ {[%emt 0:00:30]} bxc6 {[%emt 0:00:30]} 11. Ne2 {[%emt 0:00:30]} Ba6 {[%emt 0:00:30]} 12. d4 {[%emt 0:00:30]} exd3 {[%emt 0:00:30]} 13. cxd3 {[%emt 0:00:30]} O-O-O {[%emt 0:00:30]} 14. Kf1 {[%emt 0:00:30]} Rhe8 {[%emt 0:00:30]} 15. Nbd4 {[%emt 0:00:30]} Bc5 {[%emt 0:00:30]} 16. Bf4 {[%emt 0:00:30]} Qd5 {[%emt 0:00:30]} 17. Be3 {[%emt 0:00:30]} Bxd4 {[%emt 0:00:30]} 18. Nxd4 {[%emt 0:00:30]} c5 {[%emt 0:00:30]} 19. Nf3 {[%emt 0:00:30]} Qxd3+ {[%emt 0:00:30]} 20. Qxd3 {[%emt 0:00:30]} Rxd3 {[%emt 0:00:30]} 21. Kg1 {[%emt 0:00:30]} c4 {[%emt 0:00:30]} 22. Kh2 {[%emt 0:00:30]} Kb7 {[%emt 0:00:30]} 23. Rac1 {[%emt 0:00:30]} Nd5 {[%emt 0:00:30]} 24. Ne1 {[%emt 0:00:30]} Nxe3 {[%emt 0:00:30]} 25. Nxd3 {[%emt 0:00:30]} cxd3 {[%emt 0:00:30]} 26. fxe3 {[%emt 0:00:30]} Rxe3 {[%emt 0:00:30]} 27. Rce1 {[%emt 0:00:30]} Re6 {[%emt 0:00:30]} 28. Rxe6 {[%emt 0:00:30]} fxe6 {[%emt 0:00:30]} 29. Kg3 {[%emt 0:00:30]} Kb6 {[%emt 0:00:30]} 30. Kf2 {[%emt 0:00:30]} Kc5 {[%emt 0:00:30]} 31. Ke3 {[%emt 0:00:30]} Kd5 {[%emt 0:00:30]} 32. Rf1 {[%emt 0:00:30]} c5 {[%emt 0:00:30]} 33. Rf7 {[%emt 0:00:30]} c4 {[%emt 0:00:30]} 34. Rxa7 {[%emt 0:00:30]} Bb5 {[%emt 0:00:30]} 35. Ra5 {[%emt 0:00:30]} 1-0

[Event "Basque-ch 2019"]
[Site "Getxo"]
[Date "2019.04.27"]
[Round "6.6"]
[White "Prieto Aranguren, Alain"]
[Black "Trigo Urquijo, Sergio"]
[Result "0-1"]
[WhiteElo "2257"]
[BlackElo "2383"]
[Annotator "ChessBase"]
[PlyCount "138"]
[EventDate "2019.04.22"]
[EventType "swiss"]
[EventCountry "ESP"]
[SourceTitle "playchess.com"]
[Source "ChessBase"]
[SourceQuality "1"]
[TimeControl "5400+30"]

1. d4 {[%emt 1:30:30]} Nf6 {[%emt 1:30:30]} 2. Nf3 {[%emt 0:00:30]} g6 {[%emt 0:00:30]} 3. c4 {[%emt 0:00:30]} Bg7 {[%emt 0:00:30]} 4. g3 {[%emt 0:00:30]} b6 {[%emt 0:00:30]} 5. Bg2 Bb7 6. O-O O-O 7. Nc3 {[%emt 0:01:30]} Ne4 {[%emt 0:01:30]} 8. Nxe4 {[%emt 0:00:30]} Bxe4 {[%emt 0:00:30]} 9. Qd2 {[%emt 0:00:30]} Nc6 {[%emt 0:00:30]} 10. e3 {[%emt 0:00:30]} d5 {[%emt 0:00:30]} 11. b3 {[%emt 0:00:30]} e5 {[%emt 0:00:30]} 12. Nxe5 {[%emt 0:00:30]} Nxe5 {[%emt 0:00:30]} 13. dxe5 {[%emt 0:00:30]} Bxe5 {[%emt 0:00:30]} 14. Bb2 {[%emt 0:00:30]} Bxb2 {[%emt 0:00:30]} 15. Qxb2 {[%emt 0:00:30]} Bxg2 {[%emt 0:00:30]} 16. Kxg2 {[%emt 0:00:30]} dxc4 {[%emt 0:00:30]} 17. bxc4 {[%emt 0:00:30]} Qe7 {[%emt 0:00:30]} 18. Qc3 {[%emt 0:00:30]} Rad8 {[%emt 0:00:30]} 19. Rad1 {[%emt 0:00:30]} h5 {[%emt 0:00:30]} 20. h4 {[%emt 0:00:30]} Rd6 {[%emt 0:00:30]} 21. Rxd6 {[%emt 0:00:30]} Qxd6 {[%emt 0:00:30]} 22. Qd4 {[%emt 0:00:30]} Qa3 {[%emt 0:00:30]} 23. Rd1 {[%emt 0:00:30]} c5 {[%emt 0:00:30]} 24. Qd2 {[%emt 0:00:30]} Qa4 {[%emt 0:00:30]} 25. Rc1 {[%emt 0:00:30]} Re8 {[%emt 0:00:30]} 26. Rc2 {[%emt 0:00:30]} Qc6+ {[%emt 0:00:30]} 27. Kg1 {[%emt 0:00:30]} Qe4 {[%emt 0:00:30]} 28. Rc3 {[%emt 0:00:30]} Kh7 {[%emt 0:00:30]} 29. Qd3 {[%emt 0:00:30]} Qg4 {[%emt 0:00:30]} 30. Rc2 {[%emt 0:00:30]} Re4 {[%emt 0:00:30]} 31. Qd5 {[%emt 0:00:30]} Kg7 {[%emt 0:00:30]} 32. Kg2 {[%emt 0:00:30]} Re7 {[%emt 0:00:30]} 33. Rd2 {[%emt 0:00:30]} Qe4+ {[%emt 0:00:30]} 34. Qxe4 {[%emt 0:00:30]} Rxe4 {[%emt 0:00:30]} 35. Rc2 {[%emt 0:00:30]} Kf6 {[%emt 0:00:30]} 36. Kf3 {[%emt 0:00:30]} Ke5 {[%emt 0:00:30]} 37. Ke2 {[%emt 0:00:30]} Kd6 {[%emt 0:00:30]} 38. Kd3 {[%emt 0:00:30]} Re6 {[%emt 0:00:30]} 39. Rb2 {[%emt 0:00:30]} Kc6 {[%emt 0:00:30]} 40. Kc2 {[%emt 0:00:30]} Rf6 {[%emt 0:00:30]} 41. Kd3 {[%emt 0:00:30]} Rd6+ {[%emt 0:00:30]} 42. Ke2 {[%emt 0:00:30]} Kb7 {[%emt 0:00:30]} 43. Rb3 {[%emt 0:00:30]} Rd8 {[%emt 0:00:30]} 44. Ke1 {[%emt 0:00:30]} a6 {[%emt 0:00:30]} 45. Ke2 {[%emt 0:00:30]} Rd7 46. Rb2 {[%emt 0:00:30]} Kc6 {[%emt 0:01:00]} 47. a4 {[%emt 0:00:30]} Rd8 {[%emt 0:00:30]} 48. Rb1 {[%emt 0:00:30]} Rb8 {[%emt 0:00:30]} 49. Rb2 {[%emt 0:00:30]} b5 {[%emt 0:00:30]} 50. axb5+ {[%emt 0:00:30]} axb5 {[%emt 0:00:30]} 51. cxb5+ {[%emt 0:00:30]} Rxb5 {[%emt 0:00:30]} 52. Ra2 {[%emt 0:00:30]} c4 {[%emt 0:00:30]} 53. Kd2 {[%emt 0:00:30]} Rf5 {[%emt 0:00:30]} 54. f4 {[%emt 0:00:30]} Rd5+ {[%emt 0:00:30]} 55. Ke2 {[%emt 0:00:30]} Kb5 {[%emt 0:00:30]} 56. Ra7 {[%emt 0:00:30]} f5 {[%emt 0:00:30]} 57. Rb7+ {[%emt 0:00:30]} Kc5 {[%emt 0:00:30]} 58. Rc7+ {[%emt 0:00:30]} Kb5 {[%emt 0:00:30]} 59. Rb7+ {[%emt 0:00:30]} Kc6 {[%emt 0:00:30]} 60. Rb4 {[%emt 0:00:30]} Kc5 {[%emt 0:00:30]} 61. Rb8 {[%emt 0:00:30]} c3 {[%emt 0:00:30]} 62. e4 {[%emt 0:00:30]} fxe4 {[%emt 0:00:30]} 63. Ke3 {[%emt 0:00:30]} Kc4 {[%emt 0:00:30]} 64. Rb1 {[%emt 0:00:30]} c2 {[%emt 0:00:30]} 65. Rc1 {[%emt 0:00:30]} Kc3 {[%emt 0:00:30]} 66. Kxe4 {[%emt 0:00:30]} Rd1 {[%emt 0:00:30]} 67. Rxc2+ {[%emt 0:00:30]} Kxc2 {[%emt 0:00:30]} 68. f5 {[%emt 0:00:30]} Re1+ {[%emt 0:00:30]} 69. Kd4 {[%emt 0:00:30]} Kd1 {[%emt 0:00:30]} 0-1

[Event "Basque-ch 2019"]
[Site "Getxo"]
[Date "2019.04.28"]
[Round "7.1"]
[White "Narciso Dublan, Marc"]
[Black "Urriza Iricibar, Pablo"]
[Result "1-0"]
[WhiteElo "2491"]
[BlackElo "2301"]
[Annotator "TA"]
[PlyCount "89"]
[EventDate "2019.04.22"]
[EventType "swiss"]
[EventCountry "ESP"]
[SourceTitle "playchess.com"]
[Source "ChessBase"]
[SourceQuality "1"]

{[%evp 18,89,51,55,72,73,68,47,63,68,91,79,94,88,78,57,79,74,82,60,104,52,59,41,55,61,121,108,93,91,207,187,182,201,191,180,240,241,241,215,266,237,244,246,213,135,296,311,366,366,478,463,445,433,517,537,512,483,731,712,638,164,231,48,62,52,83,93,2216,2125,29985,29986,29986,29987]} 1. d4 c5 2. d5 g6 3. e4 Bg7 4. c4 d6 5. Nc3 Nf6 6. Nge2 O-O 7. Ng3 e6 8. Be2 exd5 9. cxd5 a6 10. a4 Qc7 {A65: Modern Benoni: 6 e4} (10... h5 11. Bg5 Qc7 12. Qd2 Nbd7 13. O-O Rb8 14. f4 Nh7 15. Bh4 c4 16. Kh1 b5 17. axb5 axb5 18. b4 {1-0 (36) Le,Q (2736)-Sivuk,V (2526) Hanoi 2018}) 11. O-O h5 12. f3 $146 ({Predecessor:} 12. f4 Ng4 13. e5 dxe5 14. f5 Nd7 15. d6 Qb6 16. a5 Qa7 17. Bxg4 c4+ 18. Kh1 hxg4 19. Nd5 Qd4 20. Be3 Qxd1 21. Raxd1 gxf5 22. Nxf5 f6 23. Nc7 Rb8 24. Ba7 Rf7 25. Ne7+ {1-0 (25) Von Herman,U (2280)-Wagner,M Germany 1992}) 12... h4 {White is slightly better.} 13. Nh1 Nh5 14. Be3 Qe7 15. Qd2 f5 {Black wants to play ...f4.} 16. exf5 Bxf5 17. Nf2 Nd7 18. Rae1 Rae8 19. Nce4 (19. Bg5 $1 $16 {[%cal Rg5e7]} Bf6 20. Bxf6 Qxf6 21. Nce4) 19... Nhf6 {[%cal Rf5e4]} 20. Bd3 Ne5 21. Bg5 {Strongly threatening f4.} h3 (21... Qd8 $14) 22. f4 $1 $16 {[%cal Rf4e5]} hxg2 23. Kxg2 Nxe4 (23... Nxd3 $16 24. Nxf6+ Qxf6 $1 {[%mdl 512]} 25. Bxf6 Nxe1+ 26. Rxe1 Bxf6) 24. Bxe4 $18 Nc4 25. Bxe7 Nxd2 26. Bxf8 Nxf1 (26... Rxf8 $142 27. Bxf5 gxf5) 27. Bxg7 (27. Bxd6 Nd2 $16) 27... Nd2 28. Be5 $1 dxe5 29. Bxf5 gxf5 30. fxe5 {[%mdl 4096] Endgame KRN-KRN} (30. Rxe5 $6 Rf8) 30... Kf7 31. Nd3 Rg8+ $2 (31... Ne4 $16 32. Rc1 b6) 32. Kf2 $1 b6 33. Ke3 Rg2 34. Kf4 c4 35. Nb4 Rf2+ 36. Kg3 Rf3+ {[#]} 37. Kg2 $1 ({Don't go for} 37. Kh4 $2 Rb3 $19) 37... Rb3 (37... Rf4 $142 38. e6+ (38. Nxa6 Rg4+ 39. Kh1 Ne4 $18) 38... Ke7 39. Nc6+ (39. Nxa6 Rg4+ 40. Kh1 Ne4 $14) (39. d6+ Kxd6 40. e7 Rg4+ 41. Kh1 Ne4 $11) 39... Kd6) 38. e6+ Ke8 39. Nc6 $2 (39. Nxa6 Rd3 40. Re5) 39... Ne4 {[#]} (39... Rd3 $142) 40. Re2 $2 (40. Rxe4 $1 $18 {[%mdl 512] White threatens Rh4 and mate.} fxe4 41. d6 Rxb2+ 42. Kg3) 40... Rd3 $14 41. Nb4 Rd1 42. Nxa6 Ra1 $2 {[%mdl 8192] [#]} (42... Nf6 $16) 43. Rxe4 $1 $18 {[%mdl 64] Promotion} fxe4 44. d6 Rxa4 45. Nc7+ {Accuracy: White = 70%, Black = 22%.} 1-0